000 00610cam a2200205u 4500
001 000001305
003 DO-SdBNP
005 20250707132952.0
008 810403s1943 enk 001 0 fre
010 _a44024595
040 _aDO-SdBNP
_bspa
_cBNPHU
082 4 _a944
_bL876a
_222
100 1 _aLorraine, Jacques.
_94414
245 1 2 _aL'autre bataille de France /
_cJacques Lorraine.
260 _aLondon :
_bOxford university press,
_c1943.
300 _a141 p. ;
_c20 cm.
650 0 _a Guerra Mundial, 1939-1945
_zFrancia
_913822
651 4 _aFrancia
_xPolĂ­tica y gobierno
_y1940
_94415
942 _2ddc
_cLBS1
999 _c1243
_d1243